书目信息 |
| 题名: |
功能涂料配方设计与制造技术
|
|
| 作者: | 刘栋 , 张玉龙 主编 | |
| 分册: | ||
| 出版信息: | 北京 中国石化出版社 2009.01 |
|
| 页数: | 431页 | |
| 开本: | 21cm | |
| 丛书名: | 涂料配方设计与制造技术丛书 | |
| 单 册: | ||
| 中图分类: | TQ630.6 | |
| 科图分类: | ||
| 主题词: | 功能涂料--gong neng tu liao | |
| 电子资源: | ||
| ISBN: | 978-7-80229-794-4 | |
| 000 | 01136nam 2200301 450 | |
| 001 | 012009143212 | |
| 005 | 20090621150345.23 | |
| 010 | @a978-7-80229-794-4@dCNY32.00 | |
| 100 | @a20090621d2009 em y0chiy0120 ea | |
| 101 | 0 | @achi |
| 102 | @aCN@b110000 | |
| 105 | @aak a 000yy | |
| 106 | @ar | |
| 200 | 1 | @a功能涂料配方设计与制造技术@Agong neng tu liao pei fang she ji yu zhi zao ji shu@f刘栋, 张玉龙主编@Fliu dong,zhang yu long zhu bian |
| 210 | @a北京@c中国石化出版社@d2009.01 | |
| 215 | @a431页@c图@d21cm | |
| 225 | 2 | @a涂料配方设计与制造技术丛书@Atu liao pei fang she ji yu zhi zao ji shu cong shu |
| 225 | 2 | @a涂料系列图书@Atu liao xi lie tu shu |
| 320 | @a有书目 (第422-431页) | |
| 330 | @a本书按涂料的功能特性分类,重点分析了电功能、热功能、防火阻燃、光功能、隐身、磁性、抗菌防霉等功能涂料品种。本丛书共15本。 | |
| 410 | 0 | @12001 @a涂料配方设计与制造技术丛书 |
| 410 | 0 | @12001 @a涂料系列图书 |
| 606 | 0 | @a功能涂料@Agong neng tu liao |
| 690 | @aTQ630.6@v4 | |
| 701 | 0 | @a刘栋@Aliu dong@4主编 |
| 701 | 0 | @a张玉龙@Azhang yu long@4主编 |
| 801 | 0 | @aCN@bQSSK@c20090621 |
| 905 | @b745553-55@dTQ630.6@eL602@f3 | |
| 功能涂料配方设计与制造技术/刘栋, 张玉龙主编.-北京:中国石化出版社,2009.01 |
| 431页:图;21cm.-(涂料配方设计与制造技术丛书).-(涂料系列图书) |
| ISBN 978-7-80229-794-4:CNY32.00 |
| 本书按涂料的功能特性分类,重点分析了电功能、热功能、防火阻燃、光功能、隐身、磁性、抗菌防霉等功能涂料品种。本丛书共15本。 |
| ● |
| 相关链接 |
|
|
|
正题名:功能涂料配方设计与制造技术
索取号:TQ630.6/L602
 
预约/预借
| 序号 | 登录号 | 条形码 | 馆藏地/架位号 | 状态 | 备注 |
| 1 | 745553 | 207455537 | 期刊室512/501自科库 40排4列2层/ [索取号:TQ630.6/L602] | 在馆 | |
| 2 | 745554 | 207455546 | 自科库501/501自科库 40排4列2层/ [索取号:TQ630.6/L602] | 在馆 | |
| 3 | 745555 | 207455555 | 自科库501/501自科库 40排4列2层/ [索取号:TQ630.6/L602] | 在馆 |